| 000 | 00513nam a22002051 4500 | ||
|---|---|---|---|
| 001 | 2636810 | ||
| 005 | 20180207043418.0 | ||
| 008 | 870421s1948 nyua b 000 0 eng | ||
| 010 | _a 48005957 | ||
| 040 |
_aDLC/ICU _cICU _dDLC |
||
| 041 | _aeng | ||
| 080 | _a575.1 RIL | ||
| 082 | 0 | 0 | _a575.1 RIL |
| 100 | 1 | _a6 | |
| 101 | _aGJEN | ||
| 245 | 1 | 0 | _aIntroduction to genetics and cytogenetics. |
| 504 | _aBibliography: p. 545-569. | ||
| 906 |
_a7 _bcbc _corignew _du _eocip _f19 _gy-gencatlg |
||
| 942 |
_2ddc _cBK |
||
| 999 |
_c41987 _d41987 |
||